Модель распостранения контактного выкрашивания по профильным поверхностям зубчатых колес; Сборник трудов Омского политехнического института; № 2

Bibliographic Details
Parent link:Сборник трудов Омского политехнического института
№ 2.— 1970.— С. 145-152
Main Author: Родионов И. В.
Other Authors: Соколовский З. Н.
Language:Russian
Published: 1970
Subjects:
Format: MixedMaterials Book Chapter
KOHA link:https://koha.lib.tpu.ru/cgi-bin/koha/opac-detail.pl?biblionumber=594610

MARC

LEADER 00000naa0a2200000 4500
001 594610
005 20250207163258.0
035 |a (RuTPU)RU\TPU\tpu\11304 
090 |a 594610 
100 |a 20030902d1970 k||y0rusy50 ca 
101 0 |a rus 
102 |a RU 
200 1 |a Модель распостранения контактного выкрашивания по профильным поверхностям зубчатых колес  |f И. В. Родионов, З. Н. Соколовский 
320 |a Библиогр.: 9 назв. 
461 |t Сборник трудов Омского политехнического института 
463 |t № 2  |v С. 145-152  |d 1970 
610 1 |a зубчатые колеса 
610 1 |a профильные поверхности 
610 1 |a труды учёных ТПУ 
700 1 |a Родионов  |b И. В. 
701 1 |a Соколовский  |b З. Н. 
801 1 |a RU  |b 63413507  |c 20030902  |g PSBO 
801 2 |a RU  |b 63413507  |c 20100311  |g RCR 
942 |c CR